• 首页
  • 本馆介绍
  • 公告通知
  • 最新文献
  • 馆藏检索
  • 电子资源
  • 读者导购
  • 参考咨询
  • 我的图书馆
  • 登录
  • 详细信息显示
  • 放入我的书架
  • 预约/预借图书
  • 作者相关作品
  • 分类相关作品
  • 丛书相关作品
  • 出版社相关作品

书目信息

  • 表格格式
  • 工作单格式
  • 卡片格式
题名:
中国古代文学史
    
 
作者: 裴斐 主编
分册: 上  
出版信息: 北京   中央民族大学出版社  1996
页数: 404页
开本: 20cm
丛书名:
单 册:
中图分类: I209.2
科图分类:
主题词: 文学史--中国--古代
电子资源:
ISBN: 7-81001-730-6
000 00579nam0 2200205 45
001 0197021199
005 20050404090539.5
010    @a7-81001-730-6@dCNY38.50
100    @a19970721d1996 emky0chiy0121 ea
101 0  @achi
102    @aCN@b110000
105    @ay zg 000zd
200 10 @a中国古代文学史@Azhong guo gu dai wen xue shi@h上@f裴斐主编@FPei Fei Zhu Bian
210    @a北京@c中央民族大学出版社@d1996
215    @a404页@d20cm
606    @a文学史@y中国@z古代
690    @aI209.2@v3
701  0 @a裴斐@4主编
801  0 @aCN@bNLC@c19970814
905    @dI209.2@e191:1@b274001@f1
    
    中国古代文学史.上/裴斐主编.-北京:中央民族大学出版社,1996
    404页;20cm
    
    
    ISBN 7-81001-730-6:CNY38.50
    
●
相关链接 在E读中查询图书 在五车中查询图书 在当当中查询图书 在豆瓣中查询图书


正题名:中国古代文学史     索取号:I209.2/191:1         预约/预借

序号 登录号 条形码 馆藏地/架位号 状态 备注
1 0274000   000530768   第二借阅区/ [索取号:I209.2/191:1] 在馆    
2 0274001   001992767   第二借阅区/ [索取号:I209.2/191:1] 在馆    
3 0274002   202740025   第一样本阅览室/ [索取号:I209.2/191:1] 在馆    
唐山师范学院图书馆 欢迎您!
大连网信软件有限公司© 版权所有